00655nam a22002051a 4500001000800000005001700008008004100025010001300066035001800079040002500097042001200122050003900134100002200173245007900195260006300274300002100337504005100358650001400409700002600423702787220160401020002.0711220s1962 nyu b 001 0 eng  a61018364 a(OCoLC)184978 aDLCcODaWUdPRAdDLC apremarc00aLB 1775.F48 1962bLB 1775.F48 19621 aFilbin, Robert L.10aSo you're going to be a teacher /cRobert L. Filbin, Stefan Vogel.h[Text] aGreat Neck, N.Y.bBarron's Educational Series, Inc.cc1962 a141 p. ;c18 cm. aIncludes bibliographical references and index. 0aTeaching.1 aVogel, Stefan,d1932-